000 00692nam a22002057a 4500
003 UA-OsUOA
001 9538
007 ta
008 20041129b un ||||| |||| 00| 0 ukr d
100 _aГуцайлюк З.
942 _cSA
040 _aUA-OsUOA
_bukr
_cUA-OsUOA
_dUA-OsUOA
245 _aЩе раз про місце і роль управлінського обліку в інформаційній системі господарюючих суб'єктів
300 _aС.45-50
955 _a0
041 _aukr
044 _aUA
773 0 _w0
_tБухгалтерський облік і аудит
_dК.
_d2004
_gN11
650 7 _aБухгалтерський облік
_2UDC
999 _c295699
_d295699